logo

Bir Sreshtho Munshi Abdur Rouf Library
Jhenaidah Cadet College

Pakistan : (Record no. 4436)

MARC details
000 -LEADER
fixed length control field 00610nam a22002297a 4500
001 - CONTROL NUMBER
JCCL Control Number 4436
003 - CONTROL NUMBER IDENTIFIER
JCCL marc code BD-JhCC
005 - DATE AND TIME OF LATEST TRANSACTION
control field 20180404093840.0
008 - FIXED-LENGTH DATA ELEMENTS--GENERAL INFORMATION
fixed length control field 171127s1968 pk ab||| |||| 000 0 eng d
035 ## - SYSTEM CONTROL NUMBER
system control number (BD-JhCC)4436
040 ## - CATALOGING SOURCE
Original cataloging agency BD-JhCC
Modifying agency BD-JhCC
041 ## - LANGUAGE CODE
Language code of Book eng
082 ## - DEWEY DECIMAL CLASSIFICATION NUMBER
Classification number 954.92
Author mark and Year FEL 1968
100 ## - MAIN ENTRY--PERSONAL NAME
Personal name Feldman, Herbert
245 ## - TITLE STATEMENT
Title Pakistan :
Remainder of title An Introduction /
Statement of responsibility, etc Herbert Feldman
260 ## - PUBLICATION, DISTRIBUTION, ETC. (IMPRINT)
Place of publication, distribution, etc Karachi :
Name of publisher, distributor, etc Oxford University Press Pakistan Branch,
Date of publication, distribution, etc 1968.
300 ## - PHYSICAL DESCRIPTION
Pagination 143 p. :
Other physical details ill. ;
Dimensions 22 cm.
504 ## - BIBLIOGRAPHY, ETC. NOTE
Bibliography, etc Includes Bibiliography
650 ## - SUBJECT ADDED ENTRY--TOPICAL TERM
Topical term or geographic name as entry element Pakistan
942 ## - ADDED ENTRY ELEMENTS (KOHA)
Source of classification or shelving scheme Dewey Decimal Classification
Koha item type Books
Holdings
Source of classification or shelving scheme Damaged status Not for loan Home library Current library Shelving location Date of accession Total Checkouts Full call number Barcode Date last seen Copy number Koha item type
Dewey Decimal Classification     JCC Rouf Library JCC Rouf Library General Stacks 11/27/2017   954.92 FEL 1968 6281 11/27/2017 C-1 Books
Dewey Decimal Classification     JCC Rouf Library JCC Rouf Library General Stacks 11/27/2017   954.92 FEL 1968 6280 11/27/2017 C-2 Books
Dewey Decimal Classification     JCC Rouf Library JCC Rouf Library General Stacks     954.92 FEL 1968 6279 11/27/2017 C-3 Books
Dewey Decimal Classification     JCC Rouf Library JCC Rouf Library General Stacks 11/28/2017   954.92 FEL 1968 6530 11/28/2017 C-4 Books
Dewey Decimal Classification     JCC Rouf Library JCC Rouf Library General Stacks 12/03/2017   954.92 FEL 1968 6471 12/03/2017 C-5 Books
Dewey Decimal Classification     JCC Rouf Library JCC Rouf Library General Stacks 02/17/2018   954.92 FEL 1968 10465 02/17/2018 C-6 Books
Dewey Decimal Classification     JCC Rouf Library JCC Rouf Library       954.92 FEL 1968 12657 03/19/2018 C-7 Books
Dewey Decimal Classification     JCC Rouf Library JCC Rouf Library General Stacks 04/04/2018   954.92 FEL 1968 13450 04/04/2018 C-8 Books
Dewey Decimal Classification     JCC Rouf Library JCC Rouf Library General Stacks 02/04/2018   954.92 FEL 1968 13449 04/04/2018 C-9 Books
Dewey Decimal Classification     JCC Rouf Library JCC Rouf Library General Stacks 02/04/2018   954.92 FEL 1968 13448 04/04/2018 C-10 Books

JCC Library | Contacts | JCC Home

Last Update on 23 September 2017
Copyright @ 2017-2020 JCC Rouf Library
Rouf Library, Jhenidah Cadet College (JCC), Bangladesh